02716nam a22004217a 4500003000900000005001700009008003300026020001500059040002200074082003000096100003200126240006500158245022900223246003400452260006600486300003200552490002700584500003100611500002200642504007300664505075900737590002601496650004501522650003901567700003101606700004101637700004201678710004301720830002701763910001101790942001201801945002701813952012701840952014001967952013702107956003302244999001702277DO-SdBNP20210510103319.0171101b 2005 dr | 00| 0 spa d a9993423602 aBPMSUbspacBPMSU a557.27293bG112s 20052221 aM. Gabb, Williamd1839-1878 aGeological map of the Republic of Santo Domingo lEspañol 10aSobre la topografía y geología de Santo Domingo :bextracto de las memorias de la Sociedad Filosófica Americana /cWilliam M. Gabb ; traductor Ramón Cedano Melo ; presentación Romeo A. Llinás, Iván Taveras C. 13aGeología y paleontología  aSanto Domingo :bSociedad Dominicana de Bibliófilos,c2005. av. :bils., mapa. ;c23 cm.0 aBibliófilos 2000v15 3Incluye una hoja plegable  3Incluye índice  aIncluye referencias bibliográficas y notas al pie de las páginas0 aIntroducción -- Perfil biográfico de autor -- Presentación -- Introducción -- Descripción topográfica -- Topografía de la Cordillera Central -- Topografía de la Región Norte de la Cordillera Central -- Topografía de la Región Sur de la Cordillera Central -- Formaciones geológicas -- El Grupo Sierra -- Rocas intrusivas -- El Mioceno -- Post-plioceno o formación costera -- Geología local -- Geología de la Cordillera Central-- Geología de los valles y estribaciones norte de la Cordillera Central -- Geología de la Sierra de Monte Cristi -- Geología de Samaná -- Geología de la Región al Sur de la Cordillera Central -- Paleontología GÍA -- Catálogo descriptivo de los moluscos fósiles -- Referencias.  6Inventariado, 2021/VM 4aPaleontología zRepública Dominicana 4aGeologíazRepública Dominicana1 a Cedano Melo, Ramónetr.1 a Llinás, Romeo A.epresentación 1 aTaveras C., Iván epresentación 2 aSociedad Dominicana de Bibliófilos  0aBibliófilos 2000n15 aVMateo 2ddccBK aInventariado, 2018 /LP 00102ddc40708CDaBPMETbBPMETd2017-11-01l0oBPMSU CD 557.27293 G112s 2005pBPMSU17110008r2017-11-01w2017-11-01yBK 00102ddc40708CDaBPMETbBPMETd2017-11-01eBNPHU l0oBPMSU CD 557.27293 G112s 2005pBPMSU17110009r2017-11-01te.2w2017-11-01yBK 00102ddc40708CDaBPMETbBPMETd2017-11-01eBNPHU oBPMSU CD 557.27293 G112s 2005pBPMSU17110010r2017-11-01te.3w2017-11-01yBK aBTAVAREZb10c20170111d0038 c12741d12741